• 首页
  • 本馆介绍
  • 公告通知
  • 最新文献
  • 馆藏检索
  • 电子资源
  • 读者导购
  • 参考咨询
  • 我的图书馆
  • 登录
  • 详细信息显示
  • 放入我的书架
  • 预约/预借图书
  • 作者相关作品
  • 分类相关作品
  • 丛书相关作品
  • 出版社相关作品

书目信息

  • 表格格式
  • 工作单格式
  • 卡片格式
题名:
现代汉语常用句式
    
 
作者: 叶苍岑 , 黄章恺 主编
分册:  
出版信息: 北京   北京教育出版社  1987
页数: 242页
开本: 19cm
丛书名: 语文基本知识丛书
单 册:
中图分类: H146.3
科图分类:
主题词: 汉语-现代-句法 , 句法-汉语-现代
电子资源:
ISBN:
000 00800nam2 2200289 45
001 0187003916
005 20040425113019.3
010    @dCNY1.25
091    @a7327.37
100    @a19900808d1987 em y0chiy0121 ea
101 0  @achi
102    @aCN@b110000
105    @ay z 000yy
106    @ar
200 10 @a现代汉语常用句式@Axian dai han yu chang yong ju shi@f叶苍岑, 黄章恺编著
210    @a北京@c北京教育出版社@d1987
215    @a242页@d19cm
225 2  @a语文基本知识丛书
410  0 @120010@a语文基本知识丛书
606    @a汉语-现代-句法
606    @a句法-汉语-现代
690    @aH146.3@v3
701  0 @a叶苍岑@Aye cang cen@4主编
701  0 @a黄章恺@Ahuang zhang kai@4编著
801  0 @aCN@b深圳图书馆@c20040425
801  2 @aCN@bNLC@c20040425
905    @f4@b171622-625@dH146.3@e111
    
    现代汉语常用句式/叶苍岑, 黄章恺编著.-北京:北京教育出版社,1987
    242页;19cm.-(语文基本知识丛书)
    
    
    ISBN :CNY1.25
    
●
相关链接 在E读中查询图书 在五车中查询图书 在当当中查询图书 在豆瓣中查询图书


正题名:现代汉语常用句式     索取号:H146.3/111         预约/预借

序号 登录号 条形码 馆藏地/架位号 状态 备注
1 0171622   000860214   第四借阅区/ [索取号:H146.3/111] 在馆    
2 0171623   000860250   第四借阅区/ [索取号:H146.3/111] 在馆    
3 0171624   000860615   第四借阅区/ [索取号:H146.3/111] 在馆    
4 0171625   000860571   第四借阅区/ [索取号:H146.3/111] 在馆    
5 0171626   202075841   第二样本阅览室/ [索取号:H146.3/111] 在馆    
唐山师范学院图书馆 欢迎您!
大连网信软件有限公司© 版权所有